000 00588nam a2200181Ia 4500
008 191130s2008##################000#0#eng##
020 _a9781562865146
040 _aACL
_cACL
082 _a658.452 AST
245 _a10 steps to successful presentations
260 _aAlexandria, VA
_bASTD Press
_cc2008
300 _aviii, 189 p. : ill. ; 23 cm
500 _aIncludes bibliographical references (p. 183-184) and index
650 _aBusiness presentations
710 _aAmerican Society for Training and Development
990 _ae73a4f1aac10000c0bc6fa2fc235b991
999 _c236487
_d236487